Happy Wife Unhappy Women: (Record no. 180041)

MARC details
000 -LEADER
fixed length control field 00607nam a22001817a 4500
005 - DATE AND TIME OF LATEST TRANSACTION
control field 20210722120748.0
010 ## - LCCN (DPL NO)
LC control number ENG-129611
020 ## - INTERNATIONAL STANDARD BOOK NUMBER
International Standard Book Number 978-93-86535-23-8
Terms of availability 949.00
035 ## - SYSTEM CONTROL NUMBER
System control number EN-113143
037 ## - SOURCE OF ACQUISITION
Source of stock number/acquisition DBAD/PUB
082 ## - DEWEY DECIMAL CLASSIFICATION NUMBER
Classification number 331.430954
100 ## - MAIN ENTRY--PERSONAL NAME
Personal name Das, Kumar
245 ## - TITLE STATEMENT
Title Happy Wife Unhappy Women:
Remainder of title A Study on Woman Empowerment In India/
Statement of responsibility, etc By Kumar Das
260 ## - PUBLICATION, DISTRIBUTION, ETC. (IMPRINT)
Place of publication, distribution, etc New Delhi
Name of publisher, distributor, etc Jawahar Publishers & Distributors
Date of publication, distribution, etc 2021
270 ## - ADDRESS
Address 46, Samachar Apartment,
City Mayur Vihar-I, New Delhi
Postal code 110091
300 ## - PHYSICAL DESCRIPTION
Extent 137p.
Dimensions 21cm(pbk)
Other physical details Bibliography
942 ## - ADDED ENTRY ELEMENTS (KOHA)
Source of classification or shelving scheme Dewey Decimal Classification
Item type English Books
Classification part 331.430954
Call number suffix DAS
Holdings
Withdrawn status Lost status Not for loan Collection code Home library Current library Date acquired Source of acquisition Cost, normal purchase price Full call number Barcode Copy number Cost, replacement price Koha item type
      Non-fiction Central Library Central Library 22/07/2021 DBAD/PUB 595.00 331.430954 DAS EN-113143 1 595.00 English Books

© Delhi Public Library
Hit Counter
free hit counter